| 000 | 00720nam a22001937a 4500 | ||
|---|---|---|---|
| 003 | OSt | ||
| 005 | 20220531084012.0 | ||
| 008 | 210407b ||||| |||| 00| 0 eng d | ||
| 040 | 4 |
_aDO-SdBNP _bspa _cBNPHU |
|
| 082 | 4 | _2BNPHU PD 342.07 OR77c | |
| 100 | _4Ortiz Valenzuela, Sergio | ||
| 245 |
_aCompetencias Jurisdiccionales y Administrativas en Materia Electoral : innecesario conflicto de atribuciones / _cSergio Ortiz Valenzuela, |
||
| 260 |
_aSanto Domingo : _bForo permanente de partidos políticos de la Rep.Dom. (FOPPPREDOM) _c2017 |
||
| 300 |
_a42 p. ; _c21 cm. |
||
| 440 |
_aCuadernos por la Democracia _nNúm.3- Mayo / 2017 _978326 |
||
| 590 | _aInventariado, 2021 / SA | ||
| 910 | _aS/A | ||
| 942 |
_2ddc _cLF2 |
||
| 999 |
_c49710 _d49710 |
||